000 00448nam a2200181Ia 4500
005 20240823064208.0
008 240823s9999||||xx |||||||||||||| ||und||
041 _aENGLISH
082 _A374.22 Q2
100 _a"Patnaik,Priyadarshi"
245 0 _aGroup Discussion and Interview Skills
250 _a1st
260 _c2012
_bFoundation
_aNew Delhi
500 _aYES
650 _aGroup Discussions
_bGeneral
942 _cNB
999 _c240128
_d240128